| 000 | 00533nam a2200181 i 4500 | ||
|---|---|---|---|
| 001 | 44418 | ||
| 003 | ES-MaACL | ||
| 005 | 20230906161026.0 | ||
| 007 | t| | ||
| 008 | 030321s1933 sp |||| |bspa d | ||
| 100 | 1 |
_aClemenceau, Georges. _939169 |
|
| 245 | 1 | 0 |
_aDemóstenes / _cpor Georges Clemenceau ; traducción por Francisco Susanna. |
| 260 |
_aBarcelona : _b[s.n., _c1933] ( _fP. Yuste) |
||
| 300 |
_a138 p. ; _c20 cm. |
||
| 600 | 0 | 4 |
_aDemóstenes. _943670 |
| 700 | 1 |
_aSusanna, Francisco. _9108845 |
|
| 852 |
_aES-MaACL _jB-12832 |
||
| 999 |
_c44418 _d44418 |
||